000 00702nam a2200277Ia 4500
001 Z_4518
003 CHAP
008 220113s1982 xx 000 0 und d
010 _a167593
040 _cCHAP
082 _a599 R3
100 _aRamírez Pulido, José
_994194
245 _aCatálogo de los mamíferos terrestres nativos de México /
_cpor José Ramírez Pulido /
_cy otros /
_c
260 _aMéxico, D. F. :
_bTrillas,
_c1982
300 _a126 P.
440 _abibliografía 101-126
_9141849
500 _a
503 _aC/E
650 _aMamíferos
_xMéxico I. t.
_9141850
901 _a599 R3
902 _aA
910 _a1982
942 _c1
942 _cc1
999 _c167593
_d167593